| 000 | 00326cam a22001097a 4500 | ||
|---|---|---|---|
| 008 | 180718b1959 xxu||||| |||| 00| 0 eng d | ||
| 082 | _aB71103x5451 An24b/1959 | ||
| 100 | _aAndhra Pradesh. Legislative Assembly | ||
| 245 | _aAndhra Pradesh village panchayats act, 1959 | ||
| 260 |
_aHyderabad _bThe author _c1959 |
||
| 300 | _av.p. | ||
| 999 |
_c488535 _d488535 |
||